| 000 | 00555nam a2200181Ia 4500 | ||
|---|---|---|---|
| 003 | GCL | ||
| 008 | 140319s9999 xx 000 0 ara d | ||
| 040 |
_aGCL / _cGCL |
||
| 082 | 0 | 4 |
_a492.3 _bز س |
| 100 | 1 | _aزاكيه محمد رشدى | |
| 245 | 1 | 0 |
_aالسريانية نحوها وصرفها مع مختارات من نصوص اللغة / _cزاكيه محمد رشدى |
| 300 | _a215 ص | ||
| 490 |
_aكتاب _v0 |
||
| 650 | 0 | 4 | _aالنحو |
| 650 | 0 | 4 | _aاللغات السامية |
| 650 | 0 | 4 | _aاللغة السريانية |
| 942 |
_2ddc _cBK |
||
| 999 |
_c41305 _d41305 |
||